Problèmes de conflits de lois en matière de filiation (Registro nro. 45567)

Detalles MARC
000 -ENCABEZADO
Número de control [NR] 01330nam a2200301Ia 4500
008 - DE LONGITUD FIJA DE DATOS DE ELEMENTOS - INFORMACIÓN GENERAL
Elementos de longitud fija [NR] 130821s1985 ne gr eng
020 ## - NUMERO INTERNACIONAL NORMALIZADO PARA LIBROS [R]
Número Internacional Normalizado del libro [NR] 902473424X
040 ## - FUENTE DE CATALOGACION [NR]
Agencia de catalogación original [NR] Co-BoUCM
Idioma de catalogación [NR] spa
041 00 - CODIGO DE IDIOMA [R]
Código de idioma para texto/pista de sonido o título separado [R] Inglés
100 1# - ASIENTO PRINCIPAL--NOMBRE PERSONAL [NR]
Nombre personal [NR] Foyer, Jacques
245 10 - MENCION DE TITULO [NR]
Título [NR] Problèmes de conflits de lois en matière de filiation
Mención de responsabilidad, etc. [NR] Jacques Foyer
260 ## - PUBLICACION, DISTRIBUCION, ETC. (PIE DE IMPRENTA) [R]
Lugar de publicación, distribución, etc. [R] Dordrecht (Holanda)
Nombre del editor, distribuidor, etc. [R] Martinus Nijhoff Publishers
Fecha de publicación, distribución, etc. [R] 1985
300 ## - DESCRIPCION FISICA [R]
Extensión [R] 403 páginas
490 #0 - MENCION DE SERIE [R]
Mención de serie [R] Recueil des Cours.
Designación numérica/secuencial del volumen [NR] 193
Mención de serie [R] Collected Courses of the Hague Academy of International Law
504 ## - NOTA DE BIBLIOGRAFIA, ETC. [R]
Nota de bibliografía, etc. [NR]
650 04 - ASIENTO SECUNDARIO DE MATERIA - TERMINO TEMATICO [R]
Término temático o nombre geográfico como elemento de entrada [NR] Derecho internacional privado
9 (RLIN) 7497
650 04 - ASIENTO SECUNDARIO DE MATERIA - TERMINO TEMATICO [R]
Término temático o nombre geográfico como elemento de entrada [NR] Derecho internacional público
9 (RLIN) 7498
650 04 - ASIENTO SECUNDARIO DE MATERIA - TERMINO TEMATICO [R]
Término temático o nombre geográfico como elemento de entrada [NR] Derecho internacional
9 (RLIN) 12776
650 04 - ASIENTO SECUNDARIO DE MATERIA - TERMINO TEMATICO [R]
Término temático o nombre geográfico como elemento de entrada [NR] Derechos humanos
9 (RLIN) 7499
650 04 - ASIENTO SECUNDARIO DE MATERIA - TERMINO TEMATICO [R]
Término temático o nombre geográfico como elemento de entrada [NR] Economía internacional
Subdivisión general [R] Aspectos jurídicos
9 (RLIN) 7543
700 12 - ASIENTO SECUNDARIO - NOMBRE PERSONAL [R]
Nombre personal [NR] Juenger, Friedrich K.
700 12 - ASIENTO SECUNDARIO - NOMBRE PERSONAL [R]
Nombre personal [NR] Khan, Sadruddin Aga
710 2# - ASIENTO SECUNDARIO - NOMBRE CORPORATIVO [R]
Nombre corporativo o de jurisdicción como elemento de entrada [NR] Académie de Droit International Law
740 02 - ASIENTO SECUNDARIO – TITULOS RELACIONADOS/ANALITICOS NO CONTROLADOS [R]
Título relacionado o analítico no controlado [NR] General course on private international law : (1983) / Friedrich K. Juenger.
740 14 - ASIENTO SECUNDARIO – TITULOS RELACIONADOS/ANALITICOS NO CONTROLADOS [R]
Título relacionado o analítico no controlado [NR] Les bases éthiques pour le droit et la société : perspectives de la Commission indépendante sur les questions humanitaires internationales : conférence prononcée / Sadruddin Aga Khan.
942 ## - ELEMENTOS DE ENTRADA AGREGADOS (KOHA)
Tema principal Derecho
Edición 1
Prefijo de la signatura top. (colección) Colección - Referencia
Parte restante de la signatura top. R311
Tipo de ítem principal el descrito en 300a Libro de referencia
Sistema de clasificación DEWEY
Clasificación 341.02
Existencias
Signatura topográfica Código de barras Última vez visto Volúmen / Fascículo Ejemplar Price effective from Tipo de ítem Perdido Sistema de clasificación Dañado No prestable Tipo de ítem específico Suprimido Ubicación habitual Ubicación actual Localización Fecha de creación Forma de adquisición Costo
R 341.02 R311 100063170 13/01/2025 V.193 Ej.1 03/02/2013 Libro de referencia   DEWEY     Libro de referencia   Claustro Claustro 5to piso 28/02/2005 Donación 26500.00